Through Wall Imaging Radar Based on Micro-Doppler Features (Record no. 234737)

MARC details
000 -LEADER
fixed length control field 01374nam a2200145Ia 4500
008 - FIXED-LENGTH DATA ELEMENTS--GENERAL INFORMATION
fixed length control field 231221s9999 xx 000 0 und d
041 ## - LANGUAGE CODE
Language code of text/sound track or separate title English
082 ## - DEWEY DECIMAL CLASSIFICATION NUMBER
Classification number CPEC17-1539
100 ## - MAIN ENTRY--PERSONAL NAME
Personal name Aditya, T. Nikhil, S. Dipanjan Gope. Mahadevan, V.
245 #0 - TITLE STATEMENT
Title Through Wall Imaging Radar Based on Micro-Doppler Features
260 ## - PUBLICATION, DISTRIBUTION, ETC.
Date of publication, distribution, etc. 2017
500 ## - GENERAL NOTE
General note Proceedings of IRSI-17,15-17 Dec 2017 Bangalore, India Through Wall Imaging Radar Based on Micro-Doppler Features Aditya, T. Nikhil, S. Dipanjan Gope. Mahadevan, V.
510 ## - CITATION/REFERENCES NOTE
Name of source This paper discusses and aims to construct an inexpensive through wall imaging radar system. The system involves a main processor board, transmit and receive system, a dedicated software and a phased array design to identify living targets based on micro-Doppler features through occlusions. The intention of making the device affordable resulted in a new hybrid antenna which incorporates the ease of construction of the wave-guide antenna and the gain of conical horn antenna. The paper also studies the efficacy of the broad-band Vivaldi antenna and its variation with different parameters encountered during the designing phase. The dedicated software consists of a Java based GUI with JNI calls to C member functions to carry out processor intensive computations. The receive end software is influenced by GNU Radio project
942 ## - ADDED ENTRY ELEMENTS (KOHA)
Koha item type Institutional repository
Holdings
Date last seen Total checkouts Full call number Accession number Uniform resource identifier Price effective from Category Lost status Damaged status Department Withdrawn status Home library Current library Shelving location Entry date Grants Currency symbol Conversion rate Discount Old discount
26/01/2024   CPEC17-1539 IR1539 http://radarindia.com/Proceedings%20Archive/IRSI-17/173.pdf 26/01/2024 Institutional repository     Central Library   Central Library Central Library Central Library   EC RS 1    

© For any Suggestions or Query, please contact the library staff @ librarian@pes.edu or Phone: +9180 2672 1983/ 2108.